Original Name of Current NHL Arenas - Statistics

General Stats
  • This quiz has been taken 19 times
    8 since last reset
  • The average score is 4 of 19
Answer Stats
Arena Years Answer % Correct
Scotiabank Arena 1999–2018 Air Canada Centre
63%
Bell Centre 1996-2002 Molson Centre
50%
Ball Arena 1999-2020 Pepsi Center
50%
PPG Paints Arena 2010-2016 Consol Energy Center
38%
TD Garden 1995-2005 FleetCenter
25%
Rogers Arena 1995-2010 General Motors Place
25%
Gila River Arena 2003-2006 Glendale Arena
25%
Bridgestone Arena 1996-1999 Nashville Arena
25%
SAP Center at San Jose 1993-2001 San Jose Arena
25%
BB&T Center 2005-2012 BankAtlantic Center
13%
Amalie Arena 1996-2002 Ice Palace Arena
13%
KeyBank Center 1996-1999 Marine Midland Arena
13%
Capital One Arena 1997-2006 MCI Center
13%
Scotiabank Saddledome 1983-1995 Olympic Saddledome
13%
PNC Arena 1999-2002 Raleigh Entertainment & Sports Arena
13%
Wells Fargo Center 1996-1998 CoreStates Center
0%
Enterprise Center 1994-2000 Kiel Center
0%
Honda Center 1993 Pond of Anaheim
0%
Canadian Tire Centre 1996 The Palladium
0%
No matching quizzes found
Score Distribution
Percent of People with Each Score
Percentile by Number Answered
Your Score History
You have not taken this quiz since the last reset